Majority Muslim Countries on a Map - Statistics

General Stats
  • This quiz has been taken 1,389 times
  • The average score is 41 of 45
Answers on the Map
Answers color-coded by a green-red scale on the quiz's map according to % correct below.
 
Answer Stats
Answer % Correct
Egypt
98%
Iran
98%
Iraq
98%
Oman
98%
Pakistan
98%
Saudi Arabia
98%
Syria
98%
Turkey
98%
Yemen
98%
Algeria
97%
Jordan
97%
Libya
97%
Morocco
97%
United Arab Emirates
97%
Afghanistan
96%
Qatar
96%
Sudan
96%
Tunisia
96%
Niger
95%
Kuwait
94%
Somalia
94%
Turkmenistan
94%
Uzbekistan
94%
Chad
93%
Mali
93%
Mauritania
93%
Indonesia
92%
Kazakhstan
92%
Kyrgyzstan
92%
Tajikistan
92%
Lebanon
91%
Azerbaijan
90%
Bahrain
89%
Senegal
88%
Malaysia
87%
Albania
84%
Bangladesh
82%
Burkina Faso
82%
Djibouti
82%
Guinea
82%
Gambia
80%
Maldives
79%
Brunei
74%
Comoros
74%
Sierra Leone
71%
No matching quizzes found
Score Distribution
Percent of People with Each Score
Percentile by Number Answered
Your Score History
You have not taken this quiz